书目信息 |
| 题名: |
火灾科学进展
|
|
| 作者: | 范维澄 , 杨立中 主编 | |
| 分册: | ||
| 出版信息: | 北京 科学出版社 2007.01 |
|
| 页数: | 335页 | |
| 开本: | 20cm | |
| 丛书名: | ||
| 单 册: | ||
| 中图分类: | TU998 | |
| 科图分类: | ||
| 主题词: | 消防--xiao fang--英文--文集 | |
| 电子资源: | ||
| ISBN: | 978-7-03-019559-3 | |
| 000 | 00957nam0 2200253 450 | |
| 001 | 012008873000 | |
| 005 | 20080229142005.59 | |
| 010 | @a978-7-03-019559-3@dCNY68.00 | |
| 100 | @a20080229d2007 em y0chiy0120 ea | |
| 101 | 0 | @achi |
| 102 | @aCN@b110000 | |
| 105 | @aa z 000yy | |
| 106 | @ar | |
| 200 | 1 | @a火灾科学进展@Ahuo zai ke xue jin zhan@d= Progress in fire science@f范维澄, 杨立中主编@Ffan wei cheng,yang li zhong zhu bian@zeng |
| 210 | @a北京@c科学出版社@d2007.01 | |
| 215 | @a335页@c图@d20cm | |
| 330 | @a本书介绍了一年一年地由火增加所引起的损失。 在火安全工程 intemational 交换的新时代和合作对火安全社区是必要的,经过哪些资源、经验和研究结果能被在相互的兴趣和利益之上分享。 | |
| 510 | 1 | @aProgress in fire science@zeng |
| 606 | 0 | @a消防@Axiao fang@x英文@j文集 |
| 690 | @aTU998@v4 | |
| 701 | 0 | @a范维澄@Afan wei cheng@4主编 |
| 701 | 0 | @a杨立中@Ayang li zhong@4主编 |
| 801 | 0 | @aCN@bQSSK@c20080229 |
| 905 | @b281935-37@dTU998@eF140@f3 | |
| 火灾科学进展= Progress in fire science/范维澄, 杨立中主编.-北京:科学出版社,2007.01 |
| 335页:图;20cm |
| ISBN 978-7-03-019559-3:CNY68.00 |
| 本书介绍了一年一年地由火增加所引起的损失。 在火安全工程 intemational 交换的新时代和合作对火安全社区是必要的,经过哪些资源、经验和研究结果能被在相互的兴趣和利益之上分享。 |
| ● |
| 相关链接 |
|
|
|
正题名:火灾科学进展
索取号:TU998/F140
 
预约/预借
| 序号 | 登录号 | 条形码 | 馆藏地/架位号 | 状态 | 备注 |
| 1 | 281935 | 202819352 | 建筑库201/201建筑库 138排1列5层/ [索取号:TU998/F140] | 在馆 | |
| 2 | 281936 | 202819361 | 建筑库201/201建筑库 138排1列5层/ [索取号:TU998/F140] | 在馆 | |
| 3 | 281937 | 202819370 | 建筑库201/201建筑库 138排1列5层/ [索取号:TU998/F140] | 在馆 |